00278nmm a2200109 a 4500003000900000005001700009008004100026040001300067100001900080245004200099260002700141AR-BaBNM20251128203148.0073119s1943 ||||||||||||||000 | spa|| cAR-BaBNM1 aRavá, Adolfo10aLa filosofía europea en el Siglo 19 a[S.l.]bDe Palmac1943